Teuerste Zugänge von Atletico Madrid - Statistiken

Allgemein
  • Dieses Quiz wurde 20 mal gespielt
  • Das Durchschnittsergebnis liegt bei 7 aus 15
Antwortstatistiken
Hint Antwort % Korrekt
15 Antoine Griezmann
100%
1 Joao Felix
82%
2 Julian Alvarez
82%
8 Rodrigo de Paul
59%
3 Thomas Lemar
59%
9 Alvaro Morata
53%
13 Alexander Sorloth
47%
5 Conor Gallagher
47%
4 Diego Costa
41%
6 Radamel Falcao
24%
10 Jackson Martinez
18%
11 Matheus Cunha
18%
12 Robin Le Normand
18%
14 Kevin Gameiro
6%
7 Vitolo
0%
Keine übereinstimmenden Quizze gefunden
Verteilung der Resultate
Anzahl Personen mit jedem Resultat
Perzentil nach korrekt beantworteten Fragen
Ihre Resultats-Entwicklung
Sie haben dieses Quiz noch nicht gespielt